书目信息 |
| 题名: |
古代散文鉴赏辞典
|
|
| 作者: | 王彬 主编 | |
| 分册: | ||
| 出版信息: | 北京 农村读物出版社 1987.12 |
|
| 页数: | 1406页 | |
| 开本: | 20cm | |
| 丛书名: | ||
| 单 册: | ||
| 中图分类: | I207.62-61 | |
| 科图分类: | ||
| 主题词: | 古典文学--散文--文学研究--中国--词典 | |
| 电子资源: | ||
| ISBN: | ||
| 000 | 00538nam0 2200181 45 | |
| 001 | 0312221749 | |
| 005 | 20070731150509.28 | |
| 010 | @dCNY12.00 | |
| 100 | @a20031222d1987 km y0chiy0120 ea | |
| 101 | @achi | |
| 200 | 1 | @a古代散文鉴赏辞典@AGu Dai San Wen Jian Shang Ci Dian@f王彬主编@FWang Bin Zhu Bian |
| 210 | @a北京@c农村读物出版社@d1987.12 | |
| 215 | @a1406页@d20cm | |
| 606 | 0 | @a古典文学@x散文@x文学研究@y中国@x词典 |
| 690 | @aI207.62-61@v3 | |
| 701 | 0 | @a王彬@4主编 |
| 801 | @aCN@bTSTCL@c20070731 | |
| 905 | @dI207.62-61@e207@b208005@f1 | |
| 古代散文鉴赏辞典/王彬主编.-北京:农村读物出版社,1987.12 |
| 1406页;20cm |
| ISBN :CNY12.00 |
| ● |
| 相关链接 |
|
|
|
|
正题名:古代散文鉴赏辞典
索取号:I207.62-61/207
 
预约/预借
| 序号 | 登录号 | 条形码 | 馆藏地/架位号 | 状态 | 备注 |
| 1 | 0208005 | 002002987 | 工具书阅览室/ [索取号:I207.62-61/207] | 在馆 | |
| 2 | 0208006 | 202445960 | 第一样本阅览室/ [索取号:I207.62-61/207] | 在馆 | |
| 3 | 0790056 | 207900565 | 密集书库/ [索取号:I207.62-61/207] | 在馆 |